Dlhodobé (53 ročné) sledovanie incidencie otráv na Považí so zameraním na príčiny, druh jedu a prognózu

Bibliographic Details
Main Author: Jaroš, František (Author)
Format: Article
Language:Slovak
PhysicalDescription:Tab.
ISSN:1335-0234
Subjects:

MARC

LEADER 00000nab a2200000 a 4500
001 vtls008876248
003 SK-MaSNL
005 20260426083903.0
008 250505c2006 xo 0 slo
015 |a SNBCL2005/5 
035 |a SLK037935 
035 |a urn:nbn:sk:snk-abyku 
035 |a (urnnbn)urn:nbn:sk:snk:ar-a0573w 
035 |a (uuid)d2d9de17-e857-40b2-9d97-1a653da8e0d2 
040 |a SNKBUCL  |b slo  |c SNKBUCL  |e AACR2 
041 0 |a slo  |b eng  |b ger  |b slo 
044 |a xo  |c SK 
080 |a 616-099:615.099  |2 1981 
100 1 |a Jaroš, František  |4 aut  |9 449088 
245 1 0 |a Dlhodobé (53 ročné) sledovanie incidencie otráv na Považí so zameraním na príčiny, druh jedu a prognózu  |c František Jaroš 
300 |b Tab. 
504 |a Res. angl., nem., slov. 
504 |a Bibliogr. odkazy 
650 0 7 |a intoxikácia  |2 MESH  |9 27403 
650 0 7 |a incidencia  |2 MESH  |9 840847 
650 0 7 |a prognózy  |2 MESH  |9 3871 
650 0 7 |a mykotoxikózy  |2 MESH  |9 15795 
650 0 7 |a pesticídy  |2 MESH  |9 4061 
650 0 7 |a úmrtnosť  |2 MESH  |9 4663 
651 7 |a Slovensko  |2 snkbucl  |9 14231 
773 0 |t Slovenský lekár  |g Roč. 16 (30), č. 3-4 (2006), s. 95-96  |x 1335-0234 
850 |a Slovenská národná knižnica 
852 |a Slovenská národná knižnica 
954 |a odborná, vedecká literatúra pôvodná (slovenská)  |2 lita 
958 |a article27 
958 |a OND 
958 |a EUIPO 
999 |c 2916937  |d 2918867